000 00574cas a22001935a 4500
001 L138809
008 070712d si qr p 0 a0eng u
035 _a(Sirsi) u138809
041 0 _aeng
110 2 _aSingapore Institute of Surveyors
_95271
245 0 4 _aThe Surveyors Quarterly
260 _aOutram Park
_bSingapore Institute of Surveyors
_c[19-?]-
362 0 _a(2) November 1976-(1) October 1979
554 _aFour per year
651 4 _aSingapore
690 _aMANAGEMENT-BUSINESS MANAGEMENT-PROFESSIONAL PRACTICE
785 0 0 _tSurveyor and Valuer
942 _n0
999 _c119045
_d119045